[Event "Landsturneringen 2007"]
[Site "Hamar"]
[Date "2007.07.07"]
[Round "7"]
[White "Djurhuus, Rune"]
[Black "Hole, Øystein"]
[Result "1/2-1/2"]
[WhiteElo "2455"]
[BlackElo "2400"]

1. Nf3 d5 2. c4 c6 3. e3 Nf6 4. Nc3 e6 5. b3 Nbd7 6. Bb2 Bd6 7. d4 O-O 8. Bd3
b6 9. O-O Bb7 10. e4 dxe4 11. Nxe4 Nxe4 12. Bxe4 Nf6 13. Bc2 Re8 14. Qe2 Qc7
15. h3 Rad8 16. Rad1 h6 17. Bb1 c5 18. dxc5 Bxc5 19. Bxf6 gxf6 20. Be4 Bc8 21.
Ne1 f5 22. Bf3 Rxd1 23. Qxd1 Rd8 24. Qc1 Kg7 25. Qc3+ f6 26. Nd3 Bd4 27. Qc1
Bd7 28. Rd1 Be8 29. Kf1 Bf7 30. Nb4 Bc5 31. Na6 Rxd1+ 32. Qxd1 Qd6 33. Qxd6
Bxd6 34. Ke2 e5 35. Bb7 Be6 36. f3 Kg6 37. Kd3 Kg5 38. b4 Kf4 39. c5 bxc5 40.
bxc5 Be7 41. c6 Bd5 42. Nc7 Bxa2 43. Nb5 Be6 44. c7 Kg3 45. c8=Q Bxc8 46. Bxc8
Kxg2 47. Bxf5 Kxf3 48. Nxa7 Kf4 49. Bc8 Bc5 50. Nb5 e4+ 51. Ke2 f5 52. Nc7 Ke5
53. Ne6 Be7 54. Ng7 f4 55. Nf5 Bc5 56. Nxh6 f3+ 57. Kf1 e3 58. Ba6 e2+ 59. Bxe2
fxe2+ 60. Kxe2 {Diagram #} 1/2-1/2

[Event "Landsturneringen 2007"]
[Site "Hamar"]
[Date "2007.07.07"]
[Round "7"]
[White "Sahl, Bjarke"]
[Black "Østenstad, Berge"]
[Result "1/2-1/2"]
[WhiteElo "2379"]
[BlackElo "2491"]

1. e4 e6 2. d4 d5 3. e5 c5 4. c3 Qb6 5. Nf3 Nc6 6. a3 Nh6 7. b4 cxd4 8. cxd4
Nf5 9. Bb2 Bd7 10. g4 Nfe7 11. Nc3 Na5 12. Na4 Qc6 13. Nc5 Nc4 14. Bc1 a5 15.
Rb1 axb4 16. axb4 b6 17. b5 Qc8 18. Nxd7 Qxd7 19. Bd3 h5 20. Ng5 hxg4 21. h4
Nf5 22. Qxg4 Ra4 23. Nf3 Ra5 24. O-O g6 25. Bg5 Be7 26. Bf6 Bxf6 27. exf6 Qd8
28. Bxf5 exf5 29. Rfe1+ Kf8 30. Qg5 Rh5 31. Qf4 Qxf6 32. Re8+ Kg7 33. Qb8 Qd6
34. Rg8+ Kf6 35. Qe8 Ra7 36. Ne5 Nxe5 37. dxe5+ Qxe5 38. Qd8+ {Diagram #} Re7
39. Qxb6+ Re6 40. Qd8+ Re7 41. Qb6+ 1/2-1/2

[Event "Landsturneringen 2007"]
[Site "Hamar"]
[Date "2007.07.07"]
[Round "7"]
[White "Elsness, Frode"]
[Black "Hansen, Torbjørn R"]
[Result "1/2-1/2"]
[WhiteElo "2442"]
[BlackElo "2336"]

1. d4 Nf6 2. c4 e6 3. Nf3 Bb4+ 4. Nbd2 a5 5. g3 b6 6. Bg2 Bb7 7. O-O O-O 8. Qc2
Bxd2 9. Bxd2 Be4 10. Qb3 Nc6 11. Rfd1 d5 12. Bf4 Nb4 13. Rac1 dxc4 14. Qxc4 Bd5
15. Qxc7 Nxa2 16. Ra1 Rc8 17. Qe5 h6 18. Nd2 Nb4 19. Bxd5 exd5 20. Rac1 Qd7 21.
Qe3 Qh3 22. Qf3 Rfe8 23. Nf1 Qe6 24. Ne3 Rxc1 25. Rxc1 Nc6 26. Rd1 Qe4 27. Qxe4
Rxe4 28. Bc7 b5 29. Kf1 a4 30. Bb6 Nd7 31. Nxd5 Nxb6 32. Nxb6 Nxd4 33. f3 Rxe2
34. Rxd4 Rxb2 35. Nxa4 bxa4 36. Rxa4 Rxh2 37. Ra7 h5 38. Kg1 Rb2 39. Rc7 g6 40.
Ra7 Kg7 41. Rc7 g5 42. Rc6 f6 43. Rc8 Kg6 44. Rg8+ Kf5 45. Rh8 h4 46. gxh4 Kf4
{Diagram #} 47. hxg5 Kg3 48. Kf1 fxg5 49. Rf8 Rf2+ 50. Kg1 Rxf3 51. Ra8 g4
1/2-1/2

[Event "Landsturneringen 2007"]
[Site "Hamar"]
[Date "2007.07.07"]
[Round "7"]
[White "Urkedal, Frode Olav Olsen"]
[Black "Gausel, Einar J"]
[Result "0-1"]
[WhiteElo "2235"]
[BlackElo "2519"]

1. d4 d6 2. e4 g6 3. Nf3 Bg7 4. Nc3 a6 5. a4 b6 6. Bc4 e6 7. Bg5 Ne7 8. Qd2 h6
9. Be3 Nd7 10. O-O Bb7 11. Rad1 Nf6 12. Bd3 Ng4 13. Bf4 g5 14. Bg3 f5 15. exf5
exf5 16. Rde1 O-O 17. Qe2 Rf7 18. h3 Nf6 19. Bc4 d5 20. Bd3 Ne4 21. Be5 Ng6 22.
Bxg7 Rxg7 23. Qd1 Qf6 24. Ne2 f4 25. Nc3 Re7 26. Re2 Rae8 27. Rfe1 Kg7 28. Nb1
h5 29. Nbd2 g4 30. hxg4 hxg4 31. Ne5 Nxe5 32. dxe5 Qh4 33. Nxe4 dxe4 34. Bxe4
Rh8 35. g3 Qh1+ {Diagram #} 0-1

[Event "Landsturneringen 2007"]
[Site "Hamar"]
[Date "2007.07.07"]
[Round "7"]
[White "Hammer, Jon Ludvig"]
[Black "Forså, Espen"]
[Result "1/2-1/2"]
[WhiteElo "2412"]
[BlackElo "2264"]

1. e4 e5 2. Nf3 Nc6 3. Nc3 Nf6 4. Bb5 Nd4 5. Ba4 Bc5 6. Nxe5 Qe7 7. Nd3 Nxe4 8.
O-O Nxc3 9. bxc3 Ne6 10. Nxc5 Qxc5 11. Qf3 O-O 12. d4 Qa5 13. Bb3 d6 14. Re1
Bd7 15. Re3 Rae8 16. Bb2 Ng5 17. Qf4 Rxe3 18. fxe3 Qf5 {Diagram #} 1/2-1/2

[Event "Landsturneringen 2007"]
[Site "Hamar"]
[Date "2007.07.07"]
[Round "8"]
[White "Lie, Espen"]
[Black "Djurhuus, Rune"]
[Result "1-0"]
[WhiteElo "2404"]
[BlackElo "2455"]

1. c4 g6 2. g3 Bg7 3. Bg2 e5 4. Nc3 d6 5. e4 Ne7 6. Nge2 O-O 7. O-O c6 8. d3
Be6 9. b3 f5 10. d4 Na6 11. Ba3 Re8 12. Qd2 fxe4 13. Nxe4 Nf5 14. d5 Bh6 15.
Qd3 cxd5 16. cxd5 Bf7 17. g4 {Diagram #} Nh4 18. Nxd6 Nxg2 19. Nxf7 Kxf7 20.
Kxg2 e4 21. Qb5 Nc7 22. Qxb7 Rb8 23. Qc6 Bg7 24. Bd6 Nb5 25. Bxb8 Qxb8 26. Rac1
Re7 27. d6 Nxd6 28. Qd5+ Kf8 29. Nd4 Re5 30. Nc6 Rxd5 31. Nxb8 Rd2 32. Rcd1 e3
33. Rxd2 exd2 34. Rd1 Bh6 35. Nd7+ Ke7 36. Nc5 Kf6 37. h4 1-0

[Event "Landsturneringen 2007"]
[Site "Hamar"]
[Date "2007.07.07"]
[Round "8"]
[White "Lie, Kjetil A"]
[Black "Tallaksen, Geir Sune"]
[Result "1-0"]
[WhiteElo "2536"]
[BlackElo "2407"]

1. e4 e5 2. Nf3 Nc6 3. Bb5 a6 4. Ba4 Nf6 5. O-O Nxe4 6. d4 exd4 7. Re1 d5 8. c4
dxc3 9. Nxc3 Bb4 10. Nxe4 Bxe1 11. Qxe1 O-O 12. Bxc6 bxc6 13. Nc5 Re8 14. Be3
Rb8 15. Qc3 Qd6 16. Rc1 {Diagram #} 1-0

[Event "Landsturneringen 2007"]
[Site "Hamar"]
[Date "2007.07.07"]
[Round "8"]
[White "Ådnøy, Hallvard V"]
[Black "Dannevig, Øystein"]
[Result "0-1"]
[WhiteElo "2289"]
[BlackElo "2331"]

1. e4 e5 2. Nf3 Nc6 3. Bc4 Nf6 4. d3 Bc5 5. c3 a6 6. O-O Ba7 7. Re1 d6 8. Bb3
O-O 9. Bg5 h6 10. Bh4 g5 11. Bg3 Bg4 12. Nbd2 h5 13. h3 h4 14. Bh2 Bh5 15. Nf1
Kh8 16. Qd2 {Diagram #} Bxf3 17. gxf3 Nh5 18. Ne3 Ne7 19. Ng4 Ng6 20. d4 Qe7
21. Rad1 Rad8 22. Qc2 b5 23. a3 c5 24. dxe5 dxe5 25. Rd5 c4 26. Ba2 f6 27. Rdd1
Ngf4 28. Bxf4 Nxf4 29. Kh2 Rd3 30. Rxd3 cxd3 31. Qd2 Qd7 32. Rh1 a5 33. Rd1 Rc8
34. Bd5 Rc5 35. Qe1 Kg7 36. Rd2 Qc8 37. Qf1 b4 38. axb4 axb4 39. c4 Ra5 40. Ne3
Ra1 {Diagram #} 41. Qxa1 Qxh3+ 42. Kg1 Bxe3 43. fxe3 Qg3+ 44. Kh1 Qxf3+ 45. Kh2
Qh3+ 46. Kg1 Qxe3+ 0-1

[Event "Landsturneringen 2007"]
[Site "Hamar"]
[Date "2007.07.07"]
[Round "8"]
[White "Grønn, Atle"]
[Black "Hole, Øystein"]
[Result "1/2-1/2"]
[WhiteElo "2422"]
[BlackElo "2400"]

1. e4 c6 2. d4 d5 3. e5 c5 4. dxc5 e6 5. Be3 Nh6 6. c3 Nf5 7. Bd4 Bd7 8. Nf3
Nc6 9. Na3 b6 10. cxb6 Nfxd4 11. Nxd4 Bxa3 12. Nxc6 Qxb6 13. bxa3 Qxc6 14. Qd4
O-O 15. Bd3 Rfc8 16. Kd2 Qc7 17. Rab1 Qa5 18. Rb3 Rc5 19. h4 Rac8 20. Rh3 Ba4
21. Rb7 Bc6 22. Rb3 Ba4 23. Rb2 Be8 24. Qb4 Qc7 25. Re3 g6 26. Ba6 Rd8 27. h5
d4 28. cxd4 Rxe5 29. Rc2 Qa5 {Diagram #} 30. Kc1 Rxh5 31. Be2 Rhd5 32. Qxa5
Rxa5 33. Rc4 Rad5 34. Rc7 a5 35. Re5 Kg7 36. Rxe6 Rxd4 37. Ree7 Kf6 38. Re3 Rf4
39. Rf3 Rxf3 40. Bxf3 Rd3 41. Ra7 Rc3+ 42. Kd2 Rc5 43. Kd3 h5 44. Kd4 Rc2 45.
Rxa5 Rxf2 46. Bd5 Bd7 47. Ke3 Rb2 48. a4 Be6 49. Ra6 Ke5 50. Bf3 Rxa2 51. a5
Ra3+ 52. Kf2 h4 53. Bb7 Kf4 54. Ra8 Ra2+ 55. Ke1 Bg4 56. a6 Re2+ 57. Kf1 Kg3
58. Rd8 Ra2 59. Rd3+ Kf4 60. Rd4+ Kg5 61. Ke1 h3 62. gxh3 Bxh3 63. Bd5 Ra1+ 64.
Rd1 Rxa6 65. Bxf7 Kf4 66. Bc4 Rb6 67. Rd4+ Ke5 68. Rh4 Bf5 69. Be2 g5 70. Ra4
Be4 71. Kf2 Rb2 72. Ke3 Rb3+ 73. Kf2 Kf4 74. Rc4 Rb2 75. Ke1 Rb1+ 1/2-1/2

[Event "Landsturneringen 2007"]
[Site "Hamar"]
[Date "2007.07.07"]
[Round "8"]
[White "Østenstad, Berge"]
[Black "Ekeberg, Carl Fr"]
[Result "1/2-1/2"]
[WhiteElo "2491"]
[BlackElo "2331"]

1. d4 Nf6 2. c4 e6 3. Nc3 Bb4 4. Qc2 O-O 5. a3 Bxc3+ 6. Qxc3 b6 7. Nf3 Ba6 8.
Bg5 d6 9. Nd2 Nbd7 10. e3 Rc8 11. b4 h6 12. Bh4 c5 13. dxc5 bxc5 14. b5 Bb7 15.
Bd3 d5 16. O-O Qb6 17. a4 e5 18. cxd5 Bxd5 19. Bf5 Rc7 20. e4 Be6 21. Nc4 Bxc4
22. Qxc4 a6 23. Rfd1 Rb8 24. Rab1 Rcb7 25. f3 Qc7 26. Bf2 Nb6 27. Qc2 axb5 28.
Rxb5 Nbd7 29. Qc4 Qc6 30. Rdb1 Rxb5 31. Rxb5 Rxb5 32. Qxb5 Qxb5 33. axb5 Kf8
34. b6 {Diagram #} Ke7 35. b7 Kd6 36. Be1 Kc7 37. Bc3 Kxb7 38. Kf2 Kc6 39. Ke3
Kd6 40. g3 Nb6 41. f4 Nfd7 42. h4 f6 43. Bh7 Nc8 44. Bg8 Ne7 45. Ba2 Ng6 46. h5
Ne7 47. Kd3 Nc6 48. Bg8 Nb6 49. Bf7 Nb4+ 50. Kd2 Nc6 51. Kd3 Na4 52. Ba1 Nd4
53. Be8 Nb6 54. Bf7 Nc8 55. Bc3 Nb6 1/2-1/2

[Event "Landsturneringen 2007"]
[Site "Hamar"]
[Date "2007.07.07"]
[Round "8"]
[White "Hansen, Torbjørn R"]
[Black "Urkedal, Frode Olav Olsen"]
[Result "1-0"]
[WhiteElo "2336"]
[BlackElo "2235"]

1. e4 c5 2. Nf3 d6 3. d4 cxd4 4. Nxd4 Nf6 5. Nc3 a6 6. Bg5 e6 7. f4 Nbd7 8. Qf3
Qc7 9. O-O-O b5 10. Bd3 Bb7 11. Rhe1 Qb6 12. Qe3 Be7 13. e5 dxe5 14. fxe5 Bc5
15. exf6 gxf6 16. Be4 fxg5 17. Bxb7 Qxb7 18. Qxg5 Be7 19. Qg7 Bf6 {Diagram #}
20. Nxe6 Bxg7 21. Nc5+ Kf8 22. Nxb7 Bxc3 23. bxc3 Nb6 24. Rf1 Rg8 25. g3 Rg6
26. Rd4 Nc4 27. Rdf4 Ne5 28. Rf5 Ra7 29. Nd8 Rd7 30. Rxe5 Rxd8 31. Ref5 Rd7 32.
Kb2 Kg7 33. Kb3 Rc6 34. R1f3 Rdc7 35. Rd3 Kg6 36. Rfd5 f6 37. Rd6 h5 38. Rxc6
Rxc6 39. Rd4 Re6 40. c4 Re2 41. c5 Kf7 42. Rh4 Re5 43. Kb4 Ke7 44. Rd4 Re2 45.
Ka5 {Diagram #} Rxc2 46. Kb6 Rxh2 47. c6 Rxa2 48. c7 Rc2 49. Kb7 Ke6 50. c8=Q+
Rxc8 51. Kxc8 Kf5 52. Kb7 a5 53. Kb6 b4 54. Kxa5 b3 55. Rb4 b2 56. Kb5 b1=B 57.
Rxb1 Kg4 58. Rh1 f5 59. Kc4 Kxg3 60. Rxh5 f4 61. Kd3 f3 62. Ke3 Kg2 63. Rg5+
1-0

[Event "Landsturneringen 2007"]
[Site "Hamar"]
[Date "2007.07.07"]
[Round "8"]
[White "Forså, Espen"]
[Black "Sahl, Bjarke"]
[Result "1/2-1/2"]
[WhiteElo "2264"]
[BlackElo "2379"]

1. Nf3 d6 2. d4 f5 3. g3 Nf6 4. Bg2 g6 5. O-O Bg7 6. c4 O-O 7. Nc3 Qe8 8. d5 c6
9. Be3 Nbd7 10. Bd4 Bh6 11. Qd3 e5 12. dxe6 Qxe6 13. Bxf6 Qxf6 14. Rad1 Ne5 15.
Qxd6 Qxd6 16. Rxd6 Nxc4 17. Rd4 Nb6 18. e3 a5 19. Na4 Nxa4 20. Rxa4 Be6 21. Nd4
Bf7 22. Nb3 Bg7 {Diagram #} 23. Rxa5 Bxb2 24. Rb1 Ba3 25. Rd1 Bb4 26. Rxa8 Rxa8
27. Rd7 Rxa2 28. Rxb7 c5 29. Rb8+ Kg7 30. Rb7 Kf6 31. Rb6+ Kg5 32. h4+ Kh6 33.
Nd4 cxd4 34. Rxb4 Ra1+ 1/2-1/2

[Event "Landsturneringen 2007"]
[Site "Hamar"]
[Date "2007.07.07"]
[Round "8"]
[White "Stokke, Kjetil"]
[Black "Gausel, Einar J"]
[Result "1/2-1/2"]
[WhiteElo "2353"]
[BlackElo "2519"]

1. d4 Nf6 2. Nf3 d5 3. c4 dxc4 4. e3 Bg4 5. Bxc4 e6 6. h3 Bh5 7. g4 Bg6 8. Ne5
Nbd7 9. Nxg6 hxg6 10. Nc3 c6 11. Bf1 Bd6 12. Bg2 Nd5 13. O-O Qh4 14. f4 O-O-O
15. e4 N5b6 16. Qe2 f5 17. e5 Bc7 18. g5 Nb8 19. Be3 Rd7 20. b4 Rhd8 21. Rfd1
Nd5 {Diagram #} 22. Nxd5 Rxd5 23. Bxd5 Rxd5 24. Kg2 Qh8 25. a4 Qd8 26. Qc4 Qd7
27. Rd2 a6 28. h4 b5 29. Qc3 1/2-1/2

[Event "Landsturneringen 2007"]
[Site "Hamar"]
[Date "2007.07.07"]
[Round "8"]
[White "Hammer, Jon Ludvig"]
[Black "Elsness, Frode"]
[Result "0-1"]
[WhiteElo "2412"]
[BlackElo "2442"]

1. e4 c5 2. Nf3 d6 3. d4 cxd4 4. Nxd4 Nf6 5. Nc3 a6 6. Bg5 e6 7. f4 Qb6 8. Qd2
Qxb2 9. Rb1 Qa3 10. e5 dxe5 11. fxe5 Nfd7 12. Ne4 h6 13. Bh4 Qxa2 {Diagram #}
14. Rd1 Qd5 15. Qe3 Qxe5 16. Be2 Bc5 17. Bg3 Bxd4 18. Rxd4 Qa5+ 19. Rd2 O-O 20.
Bd6 Nc6 21. Bxf8 Nxf8 22. O-O Qe5 23. Qf2 f6 24. Nd6 a5 25. Bc4 a4 26. Re1 Qb2
27. Qg3 Qb6+ 28. Rf2 Ne7 29. Kh1 Neg6 30. Ref1 Bd7 31. Ne4 Ra5 32. Nxf6+ gxf6
33. Rxf6 Rg5 34. Qh3 h5 35. Qf3 Qc5 36. Bd3 Qe7 37. Rf7 Bc6 38. Be4 Bxe4 39.
Qxe4 Qxf7 40. Rxf7 Kxf7 41. Qxb7+ Kg8 {Diagram #} 42. Qb4 Rg4 43. c4 Ne5 44.
Qxa4 Rxc4 45. Qa3 Nfg6 46. h3 h4 47. Qa7 Rf4 48. Kg1 Rf5 49. Qc7 Rf8 50. Qb7
Nf4 51. Qe4 Neg6 52. Kh2 Rd8 53. g4 Rd2+ 54. Kh1 Rd3 {Diagram #} 0-1

[Event "Landsturneringen 2007"]
[Site "Hamar"]
[Date "2007.07.07"]
[Round "9"]
[White "Ekeberg, Carl Fr"]
[Black "Lie, Espen"]
[Result "0-1"]
[WhiteElo "2331"]
[BlackElo "2404"]

1. Nf3 Nf6 2. c4 g6 3. g3 Bg7 4. Bg2 O-O 5. O-O c5 6. d4 cxd4 7. Nxd4 Nc6 8.
Nc3 Ng4 9. e3 Nge5 10. b3 d6 11. h3 a5 12. Rb1 Bd7 13. Ndb5 Be6 14. e4 Na7 15.
Nd4 Bd7 16. f4 Nec6 17. Nde2 b5 18. cxb5 Nxb5 19. Nxb5 Qb6+ 20. Nbd4 Nxd4 21.
Be3 Nxe2+ 22. Qxe2 Qb4 23. Rfc1 Bb5 24. Qd1 Rac8 25. Kh2 Ba6 26. Rxc8 Rxc8 27.
Rc1 Rxc1 28. Bxc1 h5 29. h4 Bc3 30. Be3 Be1 31. e5 Qc3 32. exd6 Qxe3 0-1

[Event "Landsturneringen 2007"]
[Site "Hamar"]
[Date "2007.07.07"]
[Round "9"]
[White "Tallaksen, Geir Sune"]
[Black "Stokke, Kjetil"]
[Result "1-0"]
[WhiteElo "2407"]
[BlackElo "2353"]

1. d4 Nf6 2. c4 g6 3. Nc3 Bg7 4. e4 O-O 5. Nf3 d6 6. Be2 e5 7. O-O Qe8 8. dxe5
dxe5 9. Be3 Na6 10. Nd2 Nd7 11. Rb1 b6 12. b4 c5 13. a3 Nc7 14. Nb3 Ne6 15.
bxc5 Ndxc5 16. Nxc5 bxc5 17. Qd6 Qd8 18. Bxc5 Nxc5 19. Qxc5 Qd2 20. Qb4 Qg5 21.
Nd5 Rd8 22. Qe7 Qxe7 23. Nxe7+ Kh8 24. Nxc8 Raxc8 25. Rb7 Rd4 26. Rxf7 Rxe4 27.
Re1 Rcxc4 28. f3 Re3 29. Kf2 Rcc3 30. Rd1 Kg8 31. Rxa7 Bf8 32. Rd8 Red3 33.
Bxd3 Rxd3 34. Rxd3 Bc5+ 35. Ke2 Bxa7 36. Rd8+ 1-0

[Event "Landsturneringen 2007"]
[Site "Hamar"]
[Date "2007.07.07"]
[Round "9"]
[White "Lie, Kjetil A"]
[Black "Grønn, Atle"]
[Result "1/2-1/2"]
[WhiteElo "2536"]
[BlackElo "2422"]

1. c4 Nf6 2. g3 e6 3. Bg2 d5 4. Nf3 Be7 5. O-O O-O 6. Qc2 c6 7. b3 b6 8. Bb2
Bb7 9. d3 Nbd7 10. e4 Rc8 11. Nbd2 Qc7 12. Rfe1 Rfd8 13. Rad1 dxe4 14. dxe4 e5
15. Nf1 Re8 16. Re2 a5 17. Bh3 Ra8 18. Red2 Bc8 19. Ne3 Bb4 20. Re2 Bf8 21. Ng4
Nxg4 22. Bxg4 Nc5 23. Bxc8 Raxc8 24. Red2 f6 25. Ba3 Rcd8 26. Bxc5 Bxc5 27. Kg2
Kf7 28. h4 Ke7 29. h5 Rxd2 30. Rxd2 Rd8 31. Nh4 Bb4 32. Nf5+ Kf8 33. Rd3 g6 34.
Nh4 Kg7 35. hxg6 hxg6 36. Rd1 Qc8 37. Qe2 Rxd1 38. Qxd1 Be7 39. Qe2 Qe6 40. Nf3
Qd7 41. Ne1 Bc5 42. Nc2 Qd6 43. Ne1 Qd4 44. Nf3 Qd7 45. Nh2 Kf7 46. Ng4 Ke7 47.
Qf3 Qe6 48. Qd1 f5 49. exf5 gxf5 50. Nh2 e4 51. Nf1 Qg6 52. Qd2 Qg4 53. Nh2 Qh5
54. Qc3 Ke6 55. f3 e3 56. Qd3 Qh8 57. Qe2 Qa1 58. f4 Qd4 59. Nf3 Qe4 60. Kf1
Qb1+ 61. Kg2 a4 62. bxa4 Kd6 63. Kh2 Kc7 64. Ne1 Qb4 65. Kg2 Qxa4 66. Kf3 b5
67. Qc2 Qa8 68. Qxf5 Qxa2 69. Qxc5 Qf2+ 70. Ke4 Qxe1 71. Qxe3 Qb1+ 72. Kd4 Qa1+
73. Ke4 Qb1+ 74. Qd3 Qh1+ 75. Ke5 Qh8+ 76. Ke4 Qh1+ 77. Ke3 Qc1+ 78. Ke2 bxc4
79. Qd2 Qa3 80. Qe3 c3 81. Qe5+ Kb7 82. Kd3 c2+ 83. Kxc2 Qxg3 84. Qe4 Qf2+ 85.
Kd3 Qf1+ 86. Kd4 Qa1+ 87. Kc5 Qc3+ 88. Kd6 Qf6+ 89. Kd7 Qf7+ 90. Kd6 Qf6+ 91.
Kc5 Qc3+ 92. Qc4 Qf3 93. Kd6 Qd1+ 94. Ke6 Qe1+ 95. Kf6 Qh4+ 96. Ke5 Qh8+ 97.
Ke4 Qh1+ 98. Kd4 Qd1+ 99. Kc5 Qd7 100. Qb4+ Kc8 101. Qe4 Qa7+ 102. Kc4 Qa4+
103. Kd3 Qb3+ 104. Kd4 Qb4+ 105. Ke5 Qe7+ 106. Kd4 Qb4+ 107. Ke3 Qe1+ 108. Kf3
Qh1+ 109. Ke3 Qe1+ 110. Kd4 Qb4+ 111. Ke5 Qe7+ 112. Kd4 c5+ 113. Ke3 Qf6 114.
f5 Qc3+ 115. Kf4 Qd2+ 116. Ke5 Qh2+ 117. Ke6 Qh3 118. Qc6+ Kb8 119. Qd6+ Kb7
120. Qd5+ Kb6 121. Qd6+ Kb5 122. Qd5 Qe3+ 123. Kd7 Qd4 124. Ke6 Qxd5+ 125. Kxd5
c4 126. Kd4 Kb4 127. f6 c3 128. f7 c2 129. f8=Q+ Kb3 130. Qb8+ Ka2 131. Qc7 Kb1
132. Qb6+ Ka1 133. Qa5+ Kb1 134. Qb4+ Ka1 135. Kd3 c1=Q 136. Qd4+ Qb2 1/2-1/2

[Event "Landsturneringen 2007"]
[Site "Hamar"]
[Date "2007.07.07"]
[Round "9"]
[White "Dannevig, Øystein"]
[Black "Østenstad, Berge"]
[Result "0-1"]
[WhiteElo "2331"]
[BlackElo "2491"]

1. e4 e6 2. d4 d5 3. Nc3 Bb4 4. e5 c5 5. a3 Bxc3+ 6. bxc3 Qa5 7. Bd2 Qa4 8. Qg4
Kf8 9. Ra2 Ne7 10. Nf3 b6 11. Bd3 Ba6 12. O-O Bxd3 13. cxd3 Nbc6 14. Rb1 c4 15.
Ng5 h6 16. Qh5 g6 17. Qh4 Ng8 18. Nf3 Rc8 19. dxc4 Qxc4 20. Rab2 Kg7 21. h3 Na5
22. Rb4 Qd3 23. a4 Nc4 24. Be1 g5 25. Qg4 Ne7 26. h4 Qe4 27. Qxe4 dxe4 28. Nd2
Nxd2 29. Bxd2 Nd5 30. R4b3 Kg6 31. Re1 Rc4 32. Rxe4 Rxa4 33. hxg5 hxg5 34. c4
Rxc4 35. Rg4 Rh5 36. Rbg3 f5 37. Rxg5+ Rxg5 38. Rxg5+ Kf7 39. Rh5 Rxd4 40. Bh6
Kg6 41. Rh3 Rd1+ 42. Kh2 Re1 43. f4 Ne3 44. Bg5 Ng4+ 45. Kg3 Re3+ 46. Kh4 Rxh3+
47. gxh3 Ne3 48. Kg3 a5 49. Kf3 a4 50. Be7 Nd5 0-1

[Event "Landsturneringen 2007"]
[Site "Hamar"]
[Date "2007.07.07"]
[Round "9"]
[White "Djurhuus, Rune"]
[Black "Ådnøy, Hallvard V"]
[Result "1-0"]
[WhiteElo "2455"]
[BlackElo "2289"]

1. e4 e5 2. Bc4 Nf6 3. d3 c6 4. Bb3 Bc5 5. Nf3 d6 6. c3 Nbd7 7. O-O Bb6 8. Re1
O-O 9. d4 Re8 10. Nbd2 Bc7 11. Nf1 exd4 12. Qxd4 Ne5 13. Nxe5 dxe5 14. Qxd8
Bxd8 15. a4 a5 16. f3 Nd7 17. Be3 Bb6 18. Red1 Bxe3+ 19. Nxe3 Nc5 20. Bc4 Kf8
21. Kf2 Ke7 22. Ke2 Bd7 23. Kd2 g6 24. Kc2 Rad8 25. b4 axb4 26. cxb4 Ne6 27.
Bxe6 Bxe6 28. Kc3 Rd7 29. a5 Ra8 30. Nc4 Bxc4 31. Kxc4 Kd8 32. Kc5 Rxd1 33.
Rxd1+ Kc7 34. Rd6 Re8 35. Rf6 Re7 36. g4 Rd7 37. h4 Re7 38. h5 Rd7 39. h6 Re7
40. a6 bxa6 41. Rxc6+ Kb7 42. Rb6+ Ka7 43. Rf6 Rd7 44. Kc6 Rb7 45. Kd5 1-0

[Event "Landsturneringen 2007"]
[Site "Hamar"]
[Date "2007.07.07"]
[Round "9"]
[White "Hole, Øystein"]
[Black "Elsness, Frode"]
[Result "1-0"]
[WhiteElo "2400"]
[BlackElo "2442"]

1. Nf3 b5 2. e4 Bb7 3. Bxb5 Bxe4 4. d4 Nf6 5. c4 e6 6. O-O Be7 7. Nc3 Bb7 8.
Re1 O-O 9. d5 c6 10. d6 Bxd6 11. Qxd6 cxb5 12. Nxb5 Bxf3 13. gxf3 Ne8 14. Qf4
Nc6 15. Rd1 a6 16. Nd6 e5 17. Qe4 Nf6 18. Qd3 Nh5 19. Be3 Nd4 20. Kh1 Nxf3 21.
Qf5 Nf4 22. Qe4 Nh4 23. Bxf4 exf4 24. Qxf4 Ng6 25. Qe4 Qf6 26. Rd2 Ne5 27. Rad1
g6 28. b4 h5 29. a4 Ng4 30. f3 Ne5 31. Kg2 g5 32. Rd5 Ng6 33. Kh1 Kg7 34. Rg1
g4 35. fxg4 hxg4 36. Qxg4 Rh8 37. Qg3 Rxh2+ 38. Kxh2 Rh8+ 39. Kg2 Qb2+ 40. Kf3
Qc3+ 41. Ke2 Qb2+ 42. Rd2 Qf6 43. Rf1 Qe6+ 44. Kd1 1-0

[Event "Landsturneringen 2007"]
[Site "Hamar"]
[Date "2007.07.07"]
[Round "9"]
[White "Gausel, Einar J"]
[Black "Hansen, Torbjørn R"]
[Result "0-1"]
[WhiteElo "2519"]
[BlackElo "2336"]

1. c4 Nf6 2. Nc3 e6 3. Nf3 c5 4. e3 d5 5. d4 Nc6 6. a3 Ne4 7. Bd2 cxd4 8. exd4
Be7 9. Bd3 Nxd2 10. Qxd2 Bf6 11. cxd5 exd5 12. O-O O-O 13. h3 Be6 14. Rad1 Qd6
15. Rfe1 Rfe8 16. Bb1 Rad8 17. Ba2 Rc8 18. Re2 Red8 19. Rde1 g6 20. Ne5 Qf8 21.
f4 Nxe5 22. fxe5 Bh4 23. Rf1 Qe7 24. Qd3 a6 25. Re3 b5 26. Ref3 Qa7 27. Kh1 b4
28. axb4 Rb8 29. b5 axb5 30. Bb3 b4 31. Na4 Be7 32. Qe3 Bf8 33. Rf6 Rbc8 34. h4
Rc4 35. Bxc4 dxc4 36. Nc5 Bxc5 37. dxc5 Rc8 38. h5 Qxc5 39. Qf4 Qe7 40. Qg5 Qd7
41. h6 c3 42. bxc3 bxc3 43. R6f2 f5 44. exf6 Kf7 45. Qa5 Rc4 46. Kg1 c2 47. Qa3
Qc7 48. Rc1 Bf5 49. Kf1 Rh4 50. Rfxc2 Bxc2 51. Rxc2 Rh1+ 0-1

[Event "Landsturneringen 2007"]
[Site "Hamar"]
[Date "2007.07.07"]
[Round "9"]
[White "Sahl, Bjarke"]
[Black "Hammer, Jon Ludvig"]
[Result "1-0"]
[WhiteElo "2379"]
[BlackElo "2412"]

1. d4 Nf6 2. Nf3 e6 3. Nc3 d5 4. Bg5 Bb4 5. a3 Bxc3+ 6. bxc3 c5 7. e4 Qa5 8.
exd5 Ne4 9. Qd3 exd5 10. Qb5+ Qxb5 11. Bxb5+ Bd7 12. Bd3 Nxg5 13. Nxg5 f6 14.
Nf3 c4 15. Be2 Na6 16. Nd2 O-O-O 17. Nf1 Bf5 18. Ne3 Be4 19. Kd2 Rhe8 20. h4
Kc7 21. h5 h6 22. Bg4 Bh7 23. Bf3 Bg8 24. Rae1 Rf8 25. Nf5 Rf7 26. Ne7 Kd6 27.
Nxd5 Rfd7 28. Ne3 Be6 29. Rh4 Nc7 30. Bg4 b5 31. Bxe6 Kxe6 32. Nxc4+ Kf7 33.
Ne3 Nd5 34. Nxd5 Rxd5 35. Rhe4 R8d7 36. g4 f5 37. gxf5 Rxf5 38. Re5 Rxf2+ 39.
R1e2 Rxe2+ 40. Kxe2 a6 41. Kd3 Rc7 42. a4 bxa4 43. Ra5 g6 44. hxg6+ Kxg6 45.
Rxa6+ Kg5 46. Rxa4 h5 47. d5 h4 48. Kd4 h3 49. d6 Rh7 50. Ra1 h2 51. Rh1 Kf6
52. Kd5 Kf7 53. c4 Ke8 54. Kc6 Kd8 55. c5 Rh4 56. c3 Rh3 57. Kb5 Kd7 58. Kb6
Rh4 59. c4 Rh3 60. c6+ Kd8 61. Ra1 1-0

[Event "Landsturneringen 2007"]
[Site "Hamar"]
[Date "2007.07.07"]
[Round "9"]
[White "Fyllingen, Roy H"]
[Black "Forså, Espen"]
[Result "1-0"]
[WhiteElo "2407"]
[BlackElo "2264"]

1. d4 Nf6 2. c4 e6 3. Nf3 d5 4. Bg5 Bb4+ 5. Nbd2 h6 6. Bxf6 Qxf6 7. Qa4+ Nc6 8.
e3 O-O 9. Bd3 dxc4 10. Bxc4 Qg6 11. g3 Bd7 12. O-O Bxd2 13. Nxd2 Rfd8 14. Qa3
Qh5 15. Rac1 Qa5 16. Qxa5 Nxa5 17. Be2 Rac8 18. b4 Nc6 19. a3 e5 20. d5 Ne7 21.
e4 c6 22. d6 Bh3 23. dxe7 Rxd2 24. Rfd1 Rd4 25. g4 h5 26. f3 Re8 27. Kf2 hxg4
28. fxg4 f5 29. exf5 Rxe7 30. Kg3 Bxg4 31. Bxg4 a5 32. bxa5 Ra4 33. Rd8+ Kf7
34. Rd6 g6 35. f6 1-0